Normal view
MARC view
- State Bank of Pakistan
Entry Personal Name
001 - CONTROL NUMBER
- control field: 88849
003 - CONTROL NUMBER IDENTIFIER
- control field: NUST
005 - DATE AND TIME OF LATEST TRANSACTION
- control field: 20220206162250.0
008 - FIXED-LENGTH DATA ELEMENTS
- fixed length control field: 220206|| aca||aabn | a|a d
040 ## - CATALOGING SOURCE
- Original cataloging agency: NUST
- Transcribing agency: NUST
100 ## - HEADING--PERSONAL NAME
- Personal name: State Bank of Pakistan
670 ## - SOURCE DATA FOUND
- Source citation: Work cat.: (NUST)349189: State Bank of Pakistan., Financial Stability Review., 2009-2011.
